Statystyki dla Arsenal Londyn 2019/2020

Kliknij tutaj aby rozwiązać quiz!

Ogólne statystyki

  • Ten quiz został rozwiązany 289 razy
  • Średni wynik to 16 z 27

Statystyki odpowiedzi

PozycjaImię i Nazwisko% Poprawnych
BramkarzBernd Leno
97%
NapastnikPierre-Emerick Aubameyang
94%
NapastnikAlexandre Lacazette
94%
PomocnikMesut Ozil
90%
ObrońcaHector Bellerin
85%
ObrońcaShkodran Mustafi
85%
ObrońcaDavid Luiz
84%
ObrońcaSokratis
76%
NapastnikNicolas Pepe
75%
PomocnikGranit Xhaka
75%
ObrońcaSead Kolasinac
70%
BramkarzEmiliano Martinez
63%
PomocnikLucas Torreira
60%
PomocnikMatteo Guendouzi
59%
PomocnikDani Ceballos
52%
PomocnikAinsley Maitland-Niles
51%
ObrońcaRob Holding
51%
NapastnikGabriel Martinelli
51%
ObrońcaCalum Chambers
50%
PomocnikJoe Willock
48%
ObrońcaKieran Tierney
48%
NapastnikReiss Nelson
38%
ObrońcaNacho Monreal
31%
BramkarzMatt Macey
24%
ObrońcaKonstantinos Mavropanos
22%
PomocnikEmile Smith Rowe
22%
PomocnikHenrikh Mkhitaryan
14%

Rozkład punktacji

Percentyl według liczby udzielonych odpowiedzi

Procent ludzi z każdym wynikiem

Twoja historia wyników

Nie rozwiązałeś tego quizu